000 00846nam a2200241 i 4500
001 9555
003 ES-MaACL
005 20250814045116.0
007 t|
008 931104s1991 sp ||||1| spa d
020 _a84-7615-779-7
080 _a530.145
100 1 _aHan, M. Y.
_961707
245 1 3 _aLa Vida secreta de los cuantos
_b: la nueva física : las altas tecnologías /
_cM.Y. Han ; traductor, José Luis Sebastián Franco.
260 _aMadrid [etc.] :
_bMcGraw-Hill,
_cD.L. 1991.
300 _aVIII, 178 p. :
_bil. ;
_c21 cm.
490 1 _aSerie McGraw-Hill de divulgación científica
650 1 7 _aMecánica cuántica
_2embne
_914872
700 1 _aSebastián Franco, José Luis.
_9105014
830 0 _aSerie McGraw-Hill de divulgación científica
_9178515
852 _aES-MaACL
_jL-17107
_bR.122060
999 _c9555
_d9555